Carregant...

Ajarodanam Almayavediyude Mukhapathram(അജരോദനം അൽമായവേദിയുടെ മുഖപത്രം )

Dades bibliogràfiques
Autor principal: P C Mathew Ancheril(പി സി മാത്യു അഞ്ചേരിൽ )
Format: Printed Book
Publicat: Kanjikkuzhi: Shalem Offset Printers, 2008
LEADER 00664nam a2200121 4500
082 |a V 248.4  |b 32 P8 
100 |a P C Mathew Ancheril(പി സി മാത്യു അഞ്ചേരിൽ )  |9 37297 
245 |a Ajarodanam Almayavediyude Mukhapathram(അജരോദനം അൽമായവേദിയുടെ മുഖപത്രം )  |c P C Mathew Ancheril(പി സി മാത്യു അഞ്ചേരിൽ ) 
260 |a Kanjikkuzhi:  |b Shalem Offset Printers,  |c 2008 
300 |a 68p. 
942 |c BK 
999 |c 87625  |d 87625 
952 |0 0  |1 0  |4 0  |6 V_248_400000000000000_32_P8  |7 1  |8 VCH  |9 79933  |a MGUL  |b MGUL  |c VIV  |d 2016-07-25  |l 0  |o V 248.4 32 P8  |p G3114  |r 2016-07-25  |w 2016-07-25  |y BK